MARC details
| 000 -CABECERA |
| campo de control de longitud fija |
01009nam a2200301 a 4500 |
| 001 - NÚMERO DE CONTROL |
| campo de control |
000021933 |
| 005 - FECHA Y HORA DE LA ÚLTIMA TRANSACCIÓN |
| campo de control |
20200930011517.0 |
| 008 - DATOS DE LONGITUD FIJA--INFORMACIÓN GENERAL |
| campo de control de longitud fija |
100914s1985 sp a 000 f spa d |
| 020 ## - NÚMERO INTERNACIONAL ESTÁNDAR DEL LIBRO |
| Número Internacional Estándar del Libro |
8426411584 |
| 040 ## - FUENTE DE LA CATALOGACIÓN |
| Centro catalogador/agencia de origen |
DO-SdBNP |
| Lengua de catalogación |
spa |
| Centro/agencia transcriptor |
BNPHU |
| 082 ## - NÚMERO DE LA CLASIFICACIÓN DECIMAL DEWEY |
| Número de clasificación |
853.914 |
| Número de documento/Ítem |
E19a, 1985 |
| 049 ## - FONDOS LOCALES (OCLC) |
| Fondos de biblioteca |
BNGR |
| 100 1# - ENTRADA PRINCIPAL--NOMBRE DE PERSONA |
| Nombre de persona |
Eco, Umberto, |
| Fechas asociadas al nombre |
1932- |
| 9 (RLIN) |
14106 |
| 245 13 - MENCIÓN DE TÍTULO |
| Título |
Apostillas a : |
| Resto del título |
el nombre de la rosa / |
| Mención de responsabilidad, etc. |
Umberto Eco ; traducción de Ricardo Pochtar. |
| 250 ## - MENCIÓN DE EDICIÓN |
| Mención de edición |
3a ed. |
| 260 ## - PUBLICACIÓN, DISTRIBUCIÓN, ETC. |
| Lugar de publicación, distribución, etc. |
Barcelona : |
| Nombre del editor, distribuidor, etc. |
Lumen, |
| Fecha de publicación, distribución, etc. |
1985. |
| 300 ## - DESCRIPCIÓN FÍSICA |
| Extensión |
83 p. : |
| Otras características físicas |
il ; |
| Dimensiones |
21 cm. |
| 490 1# - MENCIÓN DE SERIE |
| Mención de serie |
Palabra en el tiempo |
| Designación de volumen o secuencia |
158 |
| 500 ## - NOTA GENERAL |
| Nota general |
Incluye índice de ilustraciones. |
| 500 ## - NOTA GENERAL |
| Nota general |
Incluye lista de título de la colección. |
| 534 ## - NOTA SOBRE LA VERSIÓN ORIGINAL |
| Encabezamiento principal del original |
Título original : |
| Mención de título del original |
Postille a il nome della rosa |
| 650 #4 - PUNTO DE ACCESO ADICIONAL DE MATERIA--TÉRMINO DE MATERIA |
| Término de materia o nombre geográfico como elemento de entrada |
Novela italiana |
| 9 (RLIN) |
4322 |
| 650 #4 - PUNTO DE ACCESO ADICIONAL DE MATERIA--TÉRMINO DE MATERIA |
| Término de materia o nombre geográfico como elemento de entrada |
Literatura italiana |
| 9 (RLIN) |
3329 |
| 650 #4 - PUNTO DE ACCESO ADICIONAL DE MATERIA--TÉRMINO DE MATERIA |
| Término de materia o nombre geográfico como elemento de entrada |
Novela italiana |
| Subdivisión general |
Crítica e interpretación |
| 9 (RLIN) |
45515 |
| 700 1# - PUNTO DE ACCESO ADICIONAL--NOMBRE DE PERSONA |
| Nombre de persona |
Pochtar, Ricardo, |
| Término indicativo de función/relación |
tr. |
| 9 (RLIN) |
14107 |
| 830 #0 - PUNTO DE ACCESO ADICIONAL DE SERIE-TÍTULO UNIFORME |
| Título uniforme |
Palabra en el tiempo; |
| Designación de volumen o secuencia |
158 |
| 9 (RLIN) |
21670 |
| 910 ## - DATOS DE OPCIÓN DEL USUARIO (OCLC) |
| Datos de opción del usuario |
WM |